000 01007nam a2200301Ia 4500
001 Para_7720
003 CHAP
008 220125s1929 xx 000 0 und d
010 _a206739
040 _cCHAP
082 _aPA-C 595.77 D5
100 _aHeadlee, Thomas J.
_953234
245 _aThe relation of rainfall to the seasonal Peack Load of mosquito control /
_c by Thomas J. Headlee,
300 _a14 p.
440 _aDíptera ; 2
_9172861
500 _aSobretiro de : Proceedings of the sixteenth annual meeting of the New Jersey mosquito extermination association, Februaty 1929 Enc. con impresos similares
650 _aControl biológico de insectos
_927582
650 _aDípteros
_x colecciones de escritos
_933718
650 _aMosquitos
_x efecto de humedad
_9173043
700 _a
901 _aPA-C 595.77 D5
902 _aA
905 _a0000001929 0000000000 00
910 _a1929
942 _cPARA
942 _cPARA
_d1
999 _c206739
_d206739